[Event "World Chess Olympiad 2018"]
[Site "Batumi"]
[Date "2018.10.05"]
[Round "11"]
[Board "1"]
[WhiteFideId "2300117"]
[White "Steingrimsson Hedinn"]
[BlackFideId "922412"]
[Black "Djukic Nikola"]
[Result "1/2-1/2"]
[LiveChessVersion "1.4.8"]
[BlackElo "2567"]
[WhiteElo "2573"]

1. d4 {[%clk 1:30:58]} Nf6 {[%clk 1:30:55]} 2. c4 {[%clk 1:31:25]} g6
{[%clk 1:31:20]} 3. Nc3 {[%clk 1:31:52]} d5 {[%clk 1:31:46]} 4. Nf3
{[%clk 1:32:17]} Bg7 {[%clk 1:32:11]} 5. Qb3 {[%clk 1:32:43]} dxc4
{[%clk 1:32:14]} 6. Qxc4 {[%clk 1:33:11]} Be6 {[%clk 1:32:26]} 7. Qb5+
{[%clk 1:31:31]} Bd7 {[%clk 1:32:46]} 8. Qxb7 {[%clk 1:28:41]} Nc6
{[%clk 1:33:09]} 9. Qb3 {[%clk 1:28:45]} Rb8 {[%clk 1:33:02]} 10. Qd1
{[%clk 1:29:08]} Bf5 {[%clk 1:33:00]} 11. a3 {[%clk 1:21:14]} O-O
{[%clk 1:28:27]} 12. e3 {[%clk 1:20:57]} e5 {[%clk 1:28:32]} 13. Nxe5
{[%clk 1:21:01]} Nxe5 {[%clk 1:28:49]} 14. dxe5 {[%clk 1:21:29]} Ne4
{[%clk 1:29:04]} 15. Qxd8 {[%clk 1:14:57]} Rfxd8 {[%clk 1:29:03]} 16. Nxe4
{[%clk 1:14:34]} Bxe4 {[%clk 1:29:27]} 17. f3 {[%clk 1:01:02]} Bd5
{[%clk 1:27:19]} 18. e4 {[%clk 0:56:22]} Be6 {[%clk 1:27:17]} 19. f4
{[%clk 0:54:08]} Rd4 {[%clk 1:27:19]} 20. Kf2 {[%clk 0:50:51]} Rxe4
{[%clk 1:18:31]} 21. b4 {[%clk 0:46:58]} c5 {[%clk 1:18:05]} 22. Bd3
{[%clk 0:34:43]} Rd4 {[%clk 1:17:57]} 23. Be2 {[%clk 0:35:12]} cxb4
{[%clk 1:15:49]} 24. Be3 {[%clk 0:34:50]} Rd7 {[%clk 1:12:39]} 25. axb4
{[%clk 0:35:04]} Rxb4 {[%clk 1:12:53]} 26. Rhb1 {[%clk 0:31:29]} Rxb1
{[%clk 1:04:49]} 27. Rxb1 {[%clk 0:31:52]} Bf8 {[%clk 1:02:03]} 28. Ra1
{[%clk 0:28:19]} Rb7 {[%clk 0:58:02]} 29. Bf3 {[%clk 0:18:04]} Rb2+
{[%clk 0:52:27]} 30. Kg3 {[%clk 0:15:32]} h5 {[%clk 0:44:32]} 31. Bxa7
{[%clk 0:14:22]} Be7 {[%clk 0:40:33]} 32. h3 {[%clk 0:13:48]} h4+
{[%clk 0:35:06]} 33. Kh2 {[%clk 0:14:17]} g5 {[%clk 0:33:32]} 34. Be3
{[%clk 0:13:37]} Rb3 {[%clk 0:28:07]} 35. Bd2 {[%clk 0:13:34]} Bc5
{[%clk 0:24:34]} 36. fxg5 {[%clk 0:09:19]} Bd4 {[%clk 0:23:09]} 37. Ra4
{[%clk 0:05:12]} Bf2 {[%clk 0:19:41]} 38. Bf4 {[%clk 0:05:38]} Rb1
{[%clk 0:19:26]} 39. g4 {[%clk 0:04:21]} Rb2 {[%clk 0:12:54]} 40. Kh1
{[%clk 0:34:37]} Bc5 {[%clk 0:40:21]} 41. Be4 {[%clk 0:21:54]} Re2
{[%clk 0:32:10]} 42. Bc6 {[%clk 0:17:18]} Rf2 {[%clk 0:21:17]} 43. Bg2
{[%clk 0:13:50]} 1/2-1/2

[Event "World Chess Olympiad 2018"]
[Site "Batumi"]
[Date "2018.10.05"]
[Round "11"]
[Board "2"]
[WhiteFideId "900885"]
[White "Blagojevic Dragisa"]
[BlackFideId "2300044"]
[Black "Hjartarson Johann"]
[Result "1-0"]
[LiveChessVersion "1.4.8"]
[BlackElo "2530"]
[WhiteElo "2476"]

1. d4 {[%clk 1:30:55]} f5 {[%clk 1:30:42]} 2. g3 {[%clk 1:30:55]} Nf6
{[%clk 1:31:05]} 3. Bg2 {[%clk 1:31:18]} g6 {[%clk 1:31:30]} 4. c4
{[%clk 1:31:37]} Bg7 {[%clk 1:31:51]} 5. Nc3 {[%clk 1:31:59]} O-O
{[%clk 1:31:37]} 6. Nh3 {[%clk 1:31:30]} d6 {[%clk 1:31:10]} 7. d5
{[%clk 1:31:29]} c6 {[%clk 1:26:27]} 8. O-O {[%clk 1:30:39]} Qe8 {[%clk 1:24:48]}
9. Be3 {[%clk 1:22:00]} Na6 {[%clk 1:20:18]} 10. Qd2 {[%clk 1:08:22]} Ng4
{[%clk 1:16:48]} 11. Bd4 {[%clk 1:07:34]} Ne5 {[%clk 1:16:48]} 12. b3
{[%clk 1:03:55]} c5 {[%clk 1:15:48]} 13. Be3 {[%clk 1:02:34]} Ng4
{[%clk 1:07:06]} 14. Bf4 {[%clk 1:02:26]} Nc7 {[%clk 1:07:11]} 15. a4
{[%clk 0:59:17]} a6 {[%clk 1:04:37]} 16. f3 {[%clk 0:55:47]} Ne5 {[%clk 1:02:13]}
17. Bh6 {[%clk 0:53:49]} Qf7 {[%clk 0:58:29]} 18. Bxg7 {[%clk 0:48:08]} Qxg7
{[%clk 0:58:25]} 19. Nf2 {[%clk 0:46:04]} Bd7 {[%clk 0:57:57]} 20. f4
{[%clk 0:45:45]} Nf7 {[%clk 0:58:13]} 21. a5 {[%clk 0:44:17]} Rab8
{[%clk 0:53:36]} 22. Na4 {[%clk 0:36:32]} Na8 {[%clk 0:46:44]} 23. Rfc1
{[%clk 0:22:17]} b5 {[%clk 0:44:23]} 24. axb6 {[%clk 0:22:35]} Nxb6
{[%clk 0:44:46]} 25. Nb2 {[%clk 0:18:43]} Bc8 {[%clk 0:44:05]} 26. Nbd3
{[%clk 0:18:28]} Re8 {[%clk 0:42:01]} 27. e3 {[%clk 0:17:33]} e6 {[%clk 0:36:50]}
28. dxe6 {[%clk 0:17:46]} Rxe6 {[%clk 0:37:16]} 29. Ra2 {[%clk 0:15:39]} Qf6
{[%clk 0:35:11]} 30. e4 {[%clk 0:13:29]} fxe4 {[%clk 0:30:00]} 31. Nxe4
{[%clk 0:13:40]} Qe7 {[%clk 0:30:19]} 32. Ndf2 {[%clk 0:13:03]} Bb7
{[%clk 0:30:00]} 33. Qd3 {[%clk 0:07:25]} Re8 {[%clk 0:29:26]} 34. Re2
{[%clk 0:07:20]} Kf8 {[%clk 0:11:10]} 35. Rce1 {[%clk 0:07:19]} Qc7
{[%clk 0:08:29]} 36. Nf6 {[%clk 0:04:20]} Rxe2 {[%clk 0:08:12]} 37. Rxe2
{[%clk 0:04:41]} Rxe2 {[%clk 0:07:17]} 38. Qxe2 {[%clk 0:05:02]} Bxg2
{[%clk 0:07:23]} 39. Kxg2 {[%clk 0:04:23]} Qb7+ {[%clk 0:05:51]} 40. Kg1
{[%clk 0:33:48]} Kg7 {[%clk 0:31:40]} 41. Qe6 {[%clk 0:29:06]} Nc8
{[%clk 0:24:19]} 42. N2e4 {[%clk 0:25:48]} h6 {[%clk 0:14:39]} 43. Ne8+
{[%clk 0:22:15]} Kf8 {[%clk 0:11:16]} 44. N4f6 {[%clk 0:21:06]} Qe7
{[%clk 0:06:11]} 45. Qxc8 {[%clk 0:20:16]} Qe1+ {[%clk 0:06:36]} 46. Kg2
{[%clk 0:20:42]} Qe2+ {[%clk 0:06:51]} 47. Kh3 {[%clk 0:18:29]} Qf1+
{[%clk 0:06:33]} 48. Kh4 {[%clk 0:18:33]} g5+ {[%clk 0:06:55]} 49. Kh5
{[%clk 0:18:01]} Qe2+ {[%clk 0:06:49]} 50. Kg6 {[%clk 0:17:47]} Qc2+
{[%clk 0:07:03]} 51. f5 {[%clk 0:17:08]} 1-0

[Event "World Chess Olympiad 2018"]
[Site "Batumi"]
[Date "2018.10.05"]
[Round "11"]
[Board "3"]
[WhiteFideId "2300087"]
[White "Stefansson Hannes"]
[BlackFideId "900290"]
[Black "Kosic Dragan"]
[Result "1/2-1/2"]
[LiveChessVersion "1.4.8"]
[BlackElo "2465"]
[WhiteElo "2502"]

1. d4 {[%clk 1:30:52]} Nf6 {[%clk 1:30:41]} 2. c4 {[%clk 1:31:00]} e6
{[%clk 1:31:01]} 3. Nf3 {[%clk 1:30:31]} Bb4+ {[%clk 1:31:18]} 4. Bd2
{[%clk 1:30:27]} Bxd2+ {[%clk 1:30:39]} 5. Qxd2 {[%clk 1:30:47]} O-O
{[%clk 1:31:04]} 6. g3 {[%clk 1:29:17]} d6 {[%clk 1:28:59]} 7. Nc3
{[%clk 1:28:24]} Qe7 {[%clk 1:27:06]} 8. Bg2 {[%clk 1:28:07]} e5 {[%clk 1:27:14]}
9. O-O {[%clk 1:27:00]} Bg4 {[%clk 1:24:32]} 10. Nh4 {[%clk 1:10:34]} exd4
{[%clk 1:13:23]} 11. Qxd4 {[%clk 1:10:54]} Nc6 {[%clk 1:13:45]} 12. Nd5
{[%clk 1:02:29]} Nxd5 {[%clk 0:52:42]} 13. Qxg4 {[%clk 1:02:08]} Nf6
{[%clk 0:49:21]} 14. Qf4 {[%clk 0:56:37]} Qxe2 {[%clk 0:41:57]} 15. Nf5
{[%clk 0:56:07]} Qe5 {[%clk 0:40:56]} 16. Bxc6 {[%clk 0:55:39]} Qxf4
{[%clk 0:36:23]} 17. gxf4 {[%clk 0:56:03]} bxc6 {[%clk 0:36:51]} 18. Ne7+
{[%clk 0:56:20]} Kh8 {[%clk 0:37:19]} 19. Nxc6 {[%clk 0:56:37]} a5
{[%clk 0:37:27]} 20. Rfe1 {[%clk 0:56:16]} Ra6 {[%clk 0:37:36]} 21. Nd4
{[%clk 0:54:56]} Rb6 {[%clk 0:30:40]} 22. b3 {[%clk 0:53:46]} a4 {[%clk 0:25:00]}
23. Re7 {[%clk 0:52:57]} c5 {[%clk 0:16:26]} 24. Nb5 {[%clk 0:52:51]} axb3
{[%clk 0:16:28]} 25. axb3 {[%clk 0:53:15]} g6 {[%clk 0:13:17]} 26. Rd1
{[%clk 0:50:41]} d5 {[%clk 0:11:54]} 27. Rc7 {[%clk 0:50:45]} dxc4
{[%clk 0:09:55]} 28. bxc4 {[%clk 0:51:10]} Nh5 {[%clk 0:09:46]} 29. f5
{[%clk 0:51:09]} Ng7 {[%clk 0:06:32]} 30. Nd6 {[%clk 0:45:32]} Nxf5
{[%clk 0:05:27]} 31. Nxf7+ {[%clk 0:44:38]} Kg8 {[%clk 0:05:53]} 32. Rdd7
{[%clk 0:38:43]} Re8 {[%clk 0:06:00]} 33. h3 {[%clk 0:37:33]} Rf6
{[%clk 0:02:50]} 34. Ng5 {[%clk 0:37:13]} h6 {[%clk 0:03:08]} 35. Nh7
{[%clk 0:37:12]} Rfe6 {[%clk 0:02:22]} 36. Kg2 {[%clk 0:28:36]} R8e7
{[%clk 0:01:20]} 37. Rxe7 {[%clk 0:28:29]} Nxe7 {[%clk 0:01:37]} 38. Nf6+
{[%clk 0:28:55]} Rxf6 {[%clk 0:02:00]} 39. Rxe7 {[%clk 0:29:21]} Rf4
{[%clk 0:02:10]} 40. Rc7 {[%clk 0:59:23]} Rxc4 {[%clk 0:32:34]} 41. Kg3
{[%clk 0:58:19]} g5 {[%clk 0:26:37]} 42. f3 {[%clk 0:57:22]} Kf8 {[%clk 0:25:30]}
43. Rc6 {[%clk 0:52:12]} Kg7 {[%clk 0:25:42]} 44. Rc7+ {[%clk 0:41:34]} Kg6
{[%clk 0:25:11]} 45. Rc6+ {[%clk 0:41:46]} Kg7 {[%clk 0:23:10]} 46. Rc7+
{[%clk 0:42:11]} Kg6 {[%clk 0:23:35]} 47. Rc6+ {[%clk 0:42:37]} Kh5
{[%clk 0:23:26]} 48. Kg2 {[%clk 0:41:52]} Rc2+ {[%clk 0:19:48]} 49. Kg3
{[%clk 0:42:16]} c4 {[%clk 0:19:56]} 50. Rd6 {[%clk 0:41:53]} c3 {[%clk 0:17:21]}
51. Rc6 {[%clk 0:41:50]} Rc1 {[%clk 0:15:45]} 52. Kh2 {[%clk 0:42:04]} Rc2+
{[%clk 0:14:24]} 53. Kg3 {[%clk 0:41:34]} Rc1 {[%clk 0:13:57]} 54. Kh2 1/2-1/2

[Event "World Chess Olympiad 2018"]
[Site "Batumi"]
[Date "2018.10.05"]
[Round "11"]
[Board "4"]
[WhiteFideId "944335"]
[White "Draskovic Luka"]
[BlackFideId "2301318"]
[Black "Kjartansson Gudmundur"]
[Result "1/2-1/2"]
[LiveChessVersion "1.4.8"]
[BlackElo "2428"]
[WhiteElo "2449"]

1. c4 {[%clk 1:30:53]} e5 {[%clk 1:29:23]} 2. Nc3 {[%clk 1:30:31]} Nc6
{[%clk 1:29:22]} 3. Nf3 {[%clk 1:30:42]} Nf6 {[%clk 1:28:25]} 4. e3
{[%clk 1:30:13]} Bb4 {[%clk 1:28:08]} 5. Qc2 {[%clk 1:28:26]} Bxc3
{[%clk 1:28:10]} 6. Qxc3 {[%clk 1:26:52]} Qe7 {[%clk 1:28:33]} 7. Be2
{[%clk 1:21:01]} O-O {[%clk 1:28:21]} 8. O-O {[%clk 1:19:36]} d5 {[%clk 1:26:18]}
9. d4 {[%clk 1:06:59]} exd4 {[%clk 1:22:31]} 10. Nxd4 {[%clk 1:06:59]} Nxd4
{[%clk 1:20:27]} 11. Qxd4 {[%clk 1:07:23]} c5 {[%clk 1:08:18]} 12. Qh4
{[%clk 1:07:26]} dxc4 {[%clk 1:08:11]} 13. Qxc4 {[%clk 0:56:48]} b6
{[%clk 0:57:50]} 14. Rd1 {[%clk 0:49:28]} a5 {[%clk 0:45:22]} 15. Qc2
{[%clk 0:43:13]} Ba6 {[%clk 0:43:47]} 16. Bxa6 {[%clk 0:41:42]} Rxa6
{[%clk 0:44:13]} 17. f3 {[%clk 0:36:21]} Rd8 {[%clk 0:39:14]} 18. e4
{[%clk 0:36:06]} Rxd1+ {[%clk 0:39:17]} 19. Qxd1 {[%clk 0:36:31]} Ra7
{[%clk 0:36:57]} 20. Qb3 {[%clk 0:28:52]} Rd7 {[%clk 0:32:10]} 21. Be3
{[%clk 0:22:14]} Qd8 {[%clk 0:28:09]} 22. Kf2 {[%clk 0:21:22]} h6
{[%clk 0:09:06]} 23. Ke2 {[%clk 0:20:56]} Kf8 {[%clk 0:08:07]} 24. Qc3
{[%clk 0:18:41]} Ne8 {[%clk 0:05:15]} 25. a3 {[%clk 0:14:30]} Nc7
{[%clk 0:04:08]} 26. b4 {[%clk 0:09:34]} Nb5 {[%clk 0:03:43]} 27. Qc4
{[%clk 0:08:39]} Nd4+ {[%clk 0:03:49]} 28. Kf2 {[%clk 0:07:50]} axb4
{[%clk 0:01:24]} 29. axb4 {[%clk 0:08:13]} Kg8 {[%clk 0:01:03]} 30. bxc5
{[%clk 0:04:18]} bxc5 {[%clk 0:01:29]} 31. Rc1 {[%clk 0:03:38]} Ne6
{[%clk 0:01:15]} 32. g3 {[%clk 0:02:06]} Qa5 {[%clk 0:00:40]} 33. Qc3
{[%clk 0:01:57]} Qb5 {[%clk 0:00:36]} 34. Qc4 {[%clk 0:01:37]} Qa5
{[%clk 0:00:53]} 35. Qc3 {[%clk 0:01:25]} Qb5 {[%clk 0:01:05]} 36. Qc4
{[%clk 0:01:50]} 1/2-1/2

[Event "World Chess Olympiad 2018"]
[Site "Batumi"]
[Date "2018.10.05"]
[Round "11"]
[Board "1"]
[WhiteFideId "4692055"]
[White "Bogner Sebastian"]
[BlackFideId "14918781"]
[Black "Repka Christopher"]
[Result "1-0"]
[LiveChessVersion "1.4.8"]
[BlackElo "2523"]
[WhiteElo "2619"]

1. e4 {[%clk 1:30:56]} e5 {[%clk 1:29:59]} 2. Nf3 {[%clk 1:31:08]} Nc6
{[%clk 1:30:25]} 3. Bc4 {[%clk 1:30:53]} Bc5 {[%clk 1:30:13]} 4. O-O
{[%clk 1:30:35]} Nf6 {[%clk 1:30:40]} 5. d3 {[%clk 1:30:50]} d6 {[%clk 1:30:53]}
6. c3 {[%clk 1:30:06]} Bb6 {[%clk 1:30:31]} 7. a4 {[%clk 1:21:59]} a5
{[%clk 1:26:44]} 8. Nbd2 {[%clk 1:18:27]} Ne7 {[%clk 1:26:40]} 9. d4
{[%clk 1:13:32]} Ng6 {[%clk 1:23:39]} 10. Re1 {[%clk 1:13:26]} O-O
{[%clk 1:20:34]} 11. Bf1 {[%clk 1:12:54]} exd4 {[%clk 1:08:55]} 12. cxd4
{[%clk 1:10:43]} d5 {[%clk 1:09:14]} 13. e5 {[%clk 1:11:03]} Ne4 {[%clk 1:09:40]}
14. Nxe4 {[%clk 1:00:22]} dxe4 {[%clk 1:10:06]} 15. Rxe4 {[%clk 1:00:45]} Bf5
{[%clk 0:53:43]} 16. Re1 {[%clk 0:59:42]} Bg4 {[%clk 0:49:48]} 17. Be3
{[%clk 0:59:15]} Nh4 {[%clk 0:47:48]} 18. Be2 {[%clk 0:49:52]} Nf5
{[%clk 0:48:14]} 19. Bg5 {[%clk 0:40:55]} Qb8 {[%clk 0:29:01]} 20. d5
{[%clk 0:32:16]} Qa7 {[%clk 0:24:43]} 21. Rf1 {[%clk 0:32:40]} Rfe8
{[%clk 0:25:05]} 22. Bf4 {[%clk 0:27:41]} Ne7 {[%clk 0:18:31]} 23. Bd3
{[%clk 0:25:13]} Ng6 {[%clk 0:14:26]} 24. Bxg6 {[%clk 0:25:30]} hxg6
{[%clk 0:14:51]} 25. h3 {[%clk 0:24:06]} Bf5 {[%clk 0:15:11]} 26. g4
{[%clk 0:22:02]} Bd7 {[%clk 0:15:22]} 27. Qc2 {[%clk 0:21:24]} Bc5
{[%clk 0:11:08]} 28. Rac1 {[%clk 0:20:55]} b6 {[%clk 0:11:35]} 29. e6
{[%clk 0:18:11]} fxe6 {[%clk 0:08:18]} 30. Qxg6 {[%clk 0:18:35]} e5
{[%clk 0:01:24]} 31. Bh6 {[%clk 0:18:00]} Re7 {[%clk 0:01:46]} 32. Ng5
{[%clk 0:18:02]} Kf8 {[%clk 0:02:10]} 33. Qh7 {[%clk 0:16:44]} gxh6
{[%clk 0:02:33]} 34. Qh8# 1-0

[Event "World Chess Olympiad 2018"]
[Site "Batumi"]
[Date "2018.10.05"]
[Round "11"]
[Board "2"]
[WhiteFideId "14907518"]
[White "Jurcik Marian"]
[BlackFideId "1301837"]
[Black "Pelletier Yannick"]
[Result "0-1"]
[LiveChessVersion "1.4.8"]
[BlackElo "2544"]
[WhiteElo "2451"]

1. c4 {[%clk 1:30:19]} Nf6 {[%clk 1:30:10]} 2. Nc3 {[%clk 1:29:57]} c5
{[%clk 1:30:04]} 3. Nf3 {[%clk 1:28:38]} e6 {[%clk 1:29:58]} 4. g3
{[%clk 1:27:02]} b6 {[%clk 1:30:20]} 5. Bg2 {[%clk 1:27:27]} Bb7 {[%clk 1:30:45]}
6. O-O {[%clk 1:27:30]} d6 {[%clk 1:25:05]} 7. b3 {[%clk 1:17:34]} Be7
{[%clk 1:25:22]} 8. Bb2 {[%clk 1:17:56]} a6 {[%clk 1:23:20]} 9. e3
{[%clk 1:08:43]} Nbd7 {[%clk 1:20:01]} 10. Qe2 {[%clk 1:08:15]} O-O
{[%clk 1:20:15]} 11. Rfd1 {[%clk 1:04:55]} Ne4 {[%clk 1:08:57]} 12. Nxe4
{[%clk 0:40:52]} Bxe4 {[%clk 1:09:17]} 13. Ne5 {[%clk 0:35:32]} Bxg2
{[%clk 1:05:58]} 14. Nxd7 {[%clk 0:35:54]} Qxd7 {[%clk 1:06:15]} 15. Qg4
{[%clk 0:35:36]} g6 {[%clk 1:05:03]} 16. Kxg2 {[%clk 0:36:01]} b5
{[%clk 0:58:49]} 17. Bc3 {[%clk 0:28:25]} d5 {[%clk 0:45:56]} 18. d3
{[%clk 0:23:23]} Rfd8 {[%clk 0:35:55]} 19. h4 {[%clk 0:20:57]} d4
{[%clk 0:33:02]} 20. exd4 {[%clk 0:18:12]} Bf6 {[%clk 0:33:27]} 21. Qf4
{[%clk 0:07:34]} Qe7 {[%clk 0:22:58]} 22. Qf3 {[%clk 0:07:50]} b4
{[%clk 0:15:47]} 23. Bb2 {[%clk 0:08:01]} Rab8 {[%clk 0:16:12]} 24. Rd2
{[%clk 0:06:00]} Bxd4 {[%clk 0:16:35]} 25. Bxd4 {[%clk 0:05:30]} Rxd4
{[%clk 0:17:02]} 26. Qc6 {[%clk 0:04:04]} Rbd8 {[%clk 0:13:04]} 27. a3
{[%clk 0:02:50]} Rxd3 {[%clk 0:02:21]} 28. Rxd3 {[%clk 0:03:05]} Rxd3
{[%clk 0:02:49]} 29. axb4 {[%clk 0:03:07]} cxb4 {[%clk 0:03:17]} 30. Rxa6
{[%clk 0:02:56]} Qf6 {[%clk 0:03:08]} 31. Rb6 {[%clk 0:01:33]} Rxb3
{[%clk 0:02:46]} 32. c5 {[%clk 0:00:32]} Rb2 {[%clk 0:00:44]} 33. Qf3
{[%clk 0:00:42]} Kg7 {[%clk 0:00:35]} 34. c6 {[%clk 0:00:35]} Qxf3+
{[%clk 0:00:31]} 35. Kxf3 {[%clk 0:00:57]} Rc2 {[%clk 0:00:51]} 36. Ke4
{[%clk 0:00:32]} Kf6 {[%clk 0:01:04]} 0-1

[Event "World Chess Olympiad 2018"]
[Site "Batumi"]
[Date "2018.10.05"]
[Round "11"]
[Board "3"]
[WhiteFideId "1300113"]
[White "Georgiadis Nico"]
[BlackFideId "14901625"]
[Black "Petrik Tomas"]
[Result "1/2-1/2"]
[LiveChessVersion "1.4.8"]
[BlackElo "2481"]
[WhiteElo "2522"]

1. d4 {[%clk 1:30:57]} Nf6 {[%clk 1:30:31]} 2. c4 {[%clk 1:31:05]} e6
{[%clk 1:30:51]} 3. Nf3 {[%clk 1:31:26]} b6 {[%clk 1:27:05]} 4. g3
{[%clk 1:31:48]} Bb7 {[%clk 1:24:35]} 5. Bg2 {[%clk 1:32:07]} Be7
{[%clk 1:24:44]} 6. O-O {[%clk 1:32:29]} O-O {[%clk 1:25:04]} 7. Nc3
{[%clk 1:32:06]} Ne4 {[%clk 1:25:10]} 8. Bd2 {[%clk 1:32:28]} Bf6
{[%clk 1:23:12]} 9. Rc1 {[%clk 1:31:55]} d6 {[%clk 1:20:52]} 10. Be1
{[%clk 1:20:53]} Nxc3 {[%clk 0:38:16]} 11. Bxc3 {[%clk 1:21:14]} Be4
{[%clk 0:38:29]} 12. Ne1 {[%clk 0:58:33]} Bxg2 {[%clk 0:35:53]} 13. Kxg2
{[%clk 0:57:33]} d5 {[%clk 0:21:41]} 14. Qd3 {[%clk 0:38:18]} c6 {[%clk 0:19:00]}
15. Nf3 {[%clk 0:37:00]} Qd7 {[%clk 0:18:05]} 16. e4 {[%clk 0:32:56]} Qb7
{[%clk 0:15:45]} 17. h4 {[%clk 0:26:53]} Be7 {[%clk 0:09:35]} 18. Rfe1
{[%clk 0:25:53]} Nd7 {[%clk 0:08:38]} 19. cxd5 {[%clk 0:20:07]} cxd5
{[%clk 0:09:01]} 20. e5 {[%clk 0:20:24]} Rfc8 {[%clk 0:08:44]} 21. Ng5
{[%clk 0:17:16]} Nf8 {[%clk 0:07:01]} 22. Qf3 {[%clk 0:17:28]} Bxg5
{[%clk 0:04:09]} 23. hxg5 {[%clk 0:17:55]} Qe7 {[%clk 0:04:33]} 24. Bd2
{[%clk 0:15:09]} a5 {[%clk 0:00:59]} 25. Qb3 {[%clk 0:15:16]} Qd8
{[%clk 0:01:21]} 26. Qb5 {[%clk 0:06:00]} Nd7 {[%clk 0:01:48]} 27. b3
{[%clk 0:05:43]} Rxc1 {[%clk 0:01:01]} 28. Rxc1 {[%clk 0:06:07]} Rc8
{[%clk 0:01:29]} 29. Rc6 {[%clk 0:05:53]} Rxc6 {[%clk 0:01:39]} 30. Qxc6
{[%clk 0:06:19]} Nf8 {[%clk 0:00:47]} 31. b4 {[%clk 0:01:45]} axb4
{[%clk 0:00:44]} 32. Bxb4 {[%clk 0:02:10]} Ng6 {[%clk 0:00:42]} 33. Qd6
{[%clk 0:01:18]} Qa8 {[%clk 0:00:34]} 34. Qxb6 {[%clk 0:01:23]} h6
{[%clk 0:00:47]} 35. Qa5 {[%clk 0:00:40]} Qc8 {[%clk 0:01:00]} 36. Bc5
{[%clk 0:00:51]} hxg5 {[%clk 0:01:12]} 37. a4 {[%clk 0:01:01]} f6
{[%clk 0:00:46]} 38. exf6 {[%clk 0:01:07]} gxf6 {[%clk 0:01:04]} 39. Qb6
{[%clk 0:00:52]} Kg7 {[%clk 0:00:37]} 40. Qa7+ {[%clk 0:30:36]} Kh6
{[%clk 0:30:32]} 41. Qb6 {[%clk 0:25:42]} Kg7 {[%clk 0:06:09]} 42. Qd6
{[%clk 0:04:46]} e5 {[%clk 0:03:59]} 43. dxe5 {[%clk 0:04:45]} fxe5
{[%clk 0:03:41]} 44. Qxd5 {[%clk 0:03:06]} Qg4 {[%clk 0:04:05]} 45. Be3
{[%clk 0:02:53]} Qxa4 {[%clk 0:02:26]} 46. Bxg5 {[%clk 0:03:14]} Qg4
{[%clk 0:00:56]} 47. Qb7+ {[%clk 0:03:35]} Kg8 {[%clk 0:01:11]} 48. Qb8+
{[%clk 0:03:31]} Kg7 {[%clk 0:01:09]} 49. Qc7+ {[%clk 0:03:54]} Kg8
{[%clk 0:01:25]} 50. Qd8+ {[%clk 0:03:35]} Kh7 {[%clk 0:01:52]} 51. Qf6
{[%clk 0:03:20]} Qd7 {[%clk 0:01:54]} 52. f3 {[%clk 0:01:10]} Qe8
{[%clk 0:01:19]} 53. Qf5 {[%clk 0:01:25]} Kg8 {[%clk 0:01:39]} 54. Kh3
{[%clk 0:00:59]} Nf8 {[%clk 0:00:34]} 55. Kg4 {[%clk 0:00:41]} Nd7
{[%clk 0:00:41]} 56. Bh6 {[%clk 0:00:43]} Nc5 {[%clk 0:00:32]} 57. Qg5+
{[%clk 0:00:58]} Kf7 {[%clk 0:00:58]} 58. Qh5+ {[%clk 0:01:11]} Ke7
{[%clk 0:01:22]} 59. Qxe5+ {[%clk 0:00:54]} Ne6 {[%clk 0:01:50]} 60. Bg5+
{[%clk 0:01:01]} Kf7 {[%clk 0:01:48]} 61. Qf6+ {[%clk 0:00:44]} Kg8
{[%clk 0:02:16]} 62. f4 {[%clk 0:00:34]} Qd7 {[%clk 0:02:29]} 63. Qf5
{[%clk 0:00:31]} Qd1+ {[%clk 0:00:38]} 64. Kh4 {[%clk 0:00:58]} Qh1+
{[%clk 0:00:33]} 65. Qh3 {[%clk 0:01:19]} Qe4 {[%clk 0:00:59]} 66. Kg4
{[%clk 0:00:42]} Qe2+ {[%clk 0:00:38]} 67. Kh4 {[%clk 0:01:04]} Qe4
{[%clk 0:01:05]} 68. Bh6 {[%clk 0:00:50]} Kh7 {[%clk 0:00:42]} 69. Kg4
{[%clk 0:00:41]} Qe2+ {[%clk 0:00:36]} 70. Kf5 {[%clk 0:00:36]} Nd4+
{[%clk 0:00:35]} 71. Kf6 {[%clk 0:00:42]} Qa6+ {[%clk 0:00:32]} 72. Ke5
{[%clk 0:00:39]} Nf3+ {[%clk 0:00:38]} 73. Kd5 {[%clk 0:00:34]} Qxh6
{[%clk 0:00:35]} 74. Qxh6+ {[%clk 0:00:36]} Kxh6 {[%clk 0:01:01]} 75. g4
{[%clk 0:00:43]} Kg6 {[%clk 0:00:53]} 1/2-1/2